| 000 | 018670000a22003610004500 | ||
|---|---|---|---|
| 003 | LK-CoMWRAF | ||
| 008 | 230817t ||||| |||| 00| 0 eng d | ||
| 040 |
_aLK-CoMWRAF _dLK-CoMWRAF _eLK-CoMWRAF |
||
| 041 | _aeng | ||
| 082 |
_a440 _bDES |
||
| 245 |
_aDescent-Based Discrimination _b |
||
| 260 |
_b _a _c2004 |
||
| 300 | _ap.169 | ||
| 650 | _aAfrican Region | ||
| 650 | _aBuraku Discrimination and I by Shigeyuki Kumisaka | ||
| 650 | _aCaste Wars at the Sub-Commisssion on the Promotion and Protection of Human Rights: A commentary on the Sub-commission's on going examination of discrimination based on work and descent by Peter N. Prove | ||
| 650 | _aCERD General recommendation on Discrimination based on Descent: Contribution and Empowerment of affected communities by Atsuko Tanaka | ||
| 650 | _aDalit Women by Burnad Fathima Natesan | ||
| 650 | _aDiscrimination on the basis of race, Caste, Color and Religion by Bhagwan Das | ||
| 650 | _aEast Asia | ||
| 650 | _aEliminating discrimination based on descent: The role of the UN Sub-commission on the Protection and Promotion of Human Rights by Asbjorn Eide | ||
| 650 | _aExistence and Implications of Discrimination based on Descent in Africa by Alexander Stevens | ||
| 650 | _aICERD and Buraku Discrimination by Kenzo Tomonaga | ||
| 650 | _aInitiatives at the UN | ||
| 650 | _aJogini System by Mallela Grace Nirmala | ||
| 650 | _aMy Testimonial on the Watta Community of Northern Kenya by Ibrahim Kosi Galgalo | ||
| 650 | _aRace, Descent and Caste under the convention on the Elimination of all forms of racial Discrimination by Patrick Thornberry | ||
| 650 | _aRacial Discrimination based on Descent: A Challenge for all Human beings by Mario Jorge Yutzis | ||
| 650 | _aRegional or/and National Dimensions | ||
| 650 | _aSouth Asia | ||
| 700 |
_aNakano,, Kenji _eed. |
||
| 942 | _cBK | ||
| 999 |
_c2095 _d2095 |
||